Austria-Hungary : the polyglot empire /

Bibliographic Details
Main Author: Schierbrand, Wolf von
Format: Book
Language:English
Published: New York : Frederick A. Stokes company, [1917]
Subjects:

MARC

Tag First Indicator Second Indicator Subfields
LEADER 00000cam a2200000 4500
001 in00000310821
005 20151010094158.0
008 720818s1917 nyub 00010 eng d
010 |a  17025615  
035 |a (OCoLC)00385480 
035 |9 ABG8960AM 
040 |c OUN  |d TXA  |d UtOrBLW 
049 |a TXAM  |c [10725] 
050 0 |a DB18  |b .S4 
100 1 |a Schierbrand, Wolf von. 
245 1 0 |a Austria-Hungary :  |b the polyglot empire /  |c by Wolf von Schierbrand. With a map in colours. 
264 1 |a New York :  |b Frederick A. Stokes company,  |c [1917] 
264 4 |c [©1917] 
300 |a vii pages, 2 ., 352 pages :  |b folded map. ;  |c 24 cm. 
336 |a text  |b txt  |2 rdacontent 
337 |a unmediated  |b n  |2 rdamedia 
338 |a volume  |b nc  |2 rdacarrier 
650 0 |a World War, 1914-1918  |z Austria. 
651 0 |a Austria. 
651 0 |a Hungary. 
999 |a MARS 
999 f f |s 8e62441e-4ba2-3411-a857-6d78abd8f85f  |i 31d738f2-8a99-3c7d-8be4-f856e1f04544  |t 0 
952 f f |p normal  |a Texas A&M University  |b College Station  |c Sterling C. Evans Library  |d Evans: Library Stacks  |t 0  |e DB18 .S4  |h Library of Congress classification  |i unmediated -- volume  |m A14801948486 
998 f f |a DB18 .S4  |t 0  |l Evans: Library Stacks